000 01183naa a22002777a 4500
001 BR9402214
003 BR-BrBNA
005 20240918181010.0
007 ta
008 230509b bl.||||| |||| 00| 0 por d
040 _aBR-BrBNA
_bpor
_cBiblioteca Nacional de Agricultura
041 _a(Es)
072 _aP34; P33
090 _aP34 BR9402214
100 1 _aRapoport, E.H.
111 1 _a2. Congresso Latino-Americano de Biologia do Solo
_cSanta Maria, RS (Brazil)
_d22-30 Jul 1968
245 1 _aLa fauna edafica y sus aplicaciones en la caracterizacion de los suelos
260 3 _aSanta Maria, RS (Brasil):
_c1968.
500 _aProgressos em biodinamica e produtividade do solo. Excertos de trabalhos do 2. Congresso Latino-Americano de Biologia do Solo Santa Maria, RS (Brasil): 1968. p. 155-174 (BR9402214-AM)P34
650 _aSolo
650 _aFauna Edafica
650 _aPropriedade Fisico-Quimica
773 0 _tProgressos em biodinamica e produtividade do solo. Excertos de trabalhos do 2. Congresso Latino-Americano de Biologia do Solo
_wP34 BR9402214
_gSanta Maria, RS (Brasil), 1968. p. 155-174
909 _a202404
_bLucia
_c55
_dLucia Elande
942 _cAM
_2AGRIS
999 _c323106
_d323106